Historical Figures whose Names starts with P - Statistics

General Stats
  • This quiz has been taken 36 times
  • The average score is 12 of 20
Answer Stats
Picture Hint Answer % Correct
Spanish artist Pablo Picasso
100%
Ancient Greek idealist philosopher Plato
100%
Beatles member Paul McCartney
94%
Native American woman of the Powhatan people Pocahontas
94%
Christian apostle Paul the Apostle
88%
Brazilian footballer with real name Edson Arantes do Nascimento Pelé
88%
Russian Tsar Peter the Great
88%
Cambodian leader of the Khmer Rouge Pol Pot
88%
a² + b² = c² Pythagoras
88%
Mexican revolutionary Pancho Villa
56%
WW II pope Pius XII
53%
French Post-Impressionist artist Paul Gauguin
44%
leader of the Vichy France regime Philippe Pétain
41%
second president of the Weimar republic Paul von Hindenburg
34%
Italian-Jewish writer and chemist Primo Levi
28%
first prime minister of independant Congo Patrice Lumumba
22%
neoplatonism Plotinus
19%
French mathematician and astronomer Pierre-Simon Laplace
16%
Dutch abstract painter Piet Mondriaan
13%
Indian social reformer and Christian missionary Pandita Ramabai Sarasvati
3%
No matching quizzes found
Score Distribution
Percent of People with Each Score
Percentile by Number Answered
Your Score History
You have not taken this quiz